Music Quiz

Random Music or Lyrics Quiz
Score 0/185 Timer 10:00
0 Plays Today
Lyrics % Correct
Mr.
98.6%
Mr.
98.6%
Mr.
98.6%
Mr.
98.6%
Mr.
98.6%
Mr.
98.6%
Mr.
98.6%
Mr.
98.6%
Sandman
97.7%
Sandman
97.7%
Sandman
97.7%
Sandman
97.7%
Sandman
97.7%
Sandman
97.7%
Sandman
97.7%
Sandman
97.7%
Sandman
97.7%
Sandman
97.7%
a
96.3%
a
96.3%
a
96.3%
a
96.3%
a
96.3%
a
96.3%
a
96.3%
a
96.3%
a
96.3%
a
96.3%
me
95.9%
me
95.9%
me
95.9%
me
95.9%
dream
94%
dream
94%
dream
94%
dream
94%
dream
94%
dream
94%
the
92.2%
the
92.2%
the
92.2%
Make
90.8%
Make
90.8%
that
88.5%
that
88.5%
that
88.5%
that
88.5%
that
88.5%
ever
87.2%
ever
87.2%
I've
86.7%
I've
86.7%
seen
86.2%
seen
86.2%
bring
84.9%
him
84.9%
him
84.9%
him
84.9%
bring
84.9%
bring
84.9%
him
84.9%
him
84.9%
Lyrics % Correct
him
84.9%
bring
84.9%
Bring
84.9%
him
84.9%
him
84.9%
bring
84.9%
bring
84.9%
cutest
83%
cutest
83%
Give
82.6%
give
82.6%
Give
82.6%
Give
82.6%
and
82.1%
and
82.1%
like
79.4%
like
79.4%
like
79.4%
are
78.4%
are
78.4%
tell
78%
over
78%
tell
78%
over
78%
so
75.7%
so
75.7%
so
75.7%
So
75.7%
to
75.2%
to
75.2%
to
75.2%
to
75.2%
nights
74.8%
nights
74.8%
his
73.9%
his
73.9%
two
72.5%
my
72.5%
my
72.5%
Please
72%
Please
72%
please
72%
please
72%
please
72%
please
72%
lips
71.6%
be
70.6%
I'm
70.2%
your
70.2%
I'm
70.2%
I'm
70.2%
your
70.2%
your
70.2%
alone
69.7%
on
69.7%
alone
69.7%
on
69.7%
on
69.7%
clover
67.9%
roses
67.4%
own
67%
own
67%
Lyrics % Correct
call
66.5%
call
66.5%
magic
64.7%
magic
64.7%
magic
64.7%
lonesome
63.8%
lonesome
63.8%
have
63.3%
nobody
63.3%
have
63.3%
nobody
63.3%
us
63.3%
us
63.3%
us
63.3%
Bum bum bum (etc.)
62.8%
(bum bum bum bum)
62.8%
(bum bum bum bum)
62.8%
(bum bum bum bum)
62.8%
(bum bum bum bum)
62.8%
(bum bum bum bum)
62.8%
Bum bum bum (etc.)
62.8%
Bum bum bum (etc.)
62.8%
Bum bum bum (etc.)
62.8%
then
61.9%
then
61.9%
lonely
61%
of
60.6%
of
60.6%
turn
59.2%
turn
59.2%
turn
59.2%
Don't
58.7%
Don't
58.7%
beam
57.8%
beam
57.8%
beam
57.8%
not
55.5%
Yes?
55.5%
hair
53.7%
Liberace
52.3%
wavy
50.9%
lots
50%
heart
48.2%
eyes
47.7%
word
46.3%
rover
46.3%
hold
45%
hold)
45%
someone
44%
(someone
44%
too
42.7%
pair
41.3%
we're
41.3%
would
39.4%
with
39%
before
39%
old
38.5%
peachy
36.2%
gleam
31.2%
Pagliacci
30.3%
come-hither
25.7%
Remove Ads.
Support Sporcle.
Get the best of Sporcle when you Go Orange. This ad-free experience offers more features, more stats, and more fun while also helping to support Sporcle. Thank you for becoming a member.

You're not logged in!

Compare scores with friends on all Sporcle quizzes.
OR
Log In

Show Comments

Extras

Created Jan 17, 2015ReportNominate
Tags:Lyrics Quiz

Top Quizzes Today


Score Distribution

Your Account Isn't Verified!

In order to create a playlist on Sporcle, you need to verify the email address you used during registration. Go to your Sporcle Settings to finish the process.

Report this User

Report this user for behavior that violates our Community Guidelines.

Details: